000
00526nam a2200169Ia 4500
008
090711s9999 xx 000 0 und d
082
_b
36798
100
_a
भागवत यशवंत
245
_a
मुक्काम प्रेमनगर
260
_c
1977
300
_a
96
600
_a
भागवत यशवंत
630
_a
मुक्काम प्रेमनगर
700
_a
भागवत यशवंत
730
_a
मुक्काम प्रेमनगर
942
_c
BOOK
999
_c
287484
_d
287484